Roczniki dziejów spolecznych i gospodarczych za rok 1986

Enregistré dans:
Détails bibliographiques
Format: Livre
Langue:polonais
Publié: Warszawa Wyd. naukowe 1987
Tags: Ajouter un tag
Pas de tags, Soyez le premier à ajouter un tag!

MARC

LEADER 00000nam a2200000 4500
001 c111320
005 20250820103534.3
041 0 |a pol 
044 |a PL 
245 1 0 |a Roczniki dziejów spolecznych i gospodarczych  |b za rok 1986 
264 1 |a Warszawa  |b Wyd. naukowe  |c 1987 
300 |a 268 s.